| 000 | 00415nam a22001577a 4500 | ||
|---|---|---|---|
| 999 |
_c2108 _d2108 |
||
| 003 | URS | ||
| 005 | 20220114142008.0 | ||
| 008 | 190614s1995 ph |||| |||| 00| 0 eng d | ||
| 040 |
_cURS _beng _drda |
||
| 050 | 1 | 4 |
_aKF 5616.7 _b.F69 1995 |
| 100 | _aFoz, Vicente V. | ||
| 245 | 1 | 4 |
_aThe labor code _cVicente V. Foz |
| 260 |
_aQuezon City: _bPhilippine Law Gazette _c[1995] |
||
| 300 |
_a537 page: _c26 cm. |
||
| 942 |
_2lcc _cF |
||